MARC details
| 000 -CABECERA |
| campo de control de longitud fija |
01919nam a2200361 i 4500 |
| 001 - NÚMERO DE CONTROL |
| campo de control |
000008151 |
| 003 - IDENTIFICADOR DEL NÚMERO DE CONTROL |
| campo de control |
DO-SdBNP |
| 005 - FECHA Y HORA DE LA ÚLTIMA TRANSACCIÓN |
| campo de control |
20250722094847.0 |
| 008 - DATOS DE LONGITUD FIJA--INFORMACIÓN GENERAL |
| campo de control de longitud fija |
240820s2024 dr ac 001 0 spa d |
| 020 ## - NÚMERO INTERNACIONAL ESTÁNDAR DEL LIBRO |
| Número Internacional Estándar del Libro |
9789211221367 |
| 040 ## - FUENTE DE LA CATALOGACIÓN |
| Centro catalogador/agencia de origen |
DO-SdBNP |
| Lengua de catalogación |
spa |
| Centro/agencia transcriptor |
BNPHU |
| Centro/agencia modificador |
rda |
| 041 ## - CÓDIGO DE LENGUA |
| Código de lengua original |
spa |
| 082 #4 - NÚMERO DE LA CLASIFICACIÓN DECIMAL DEWEY |
| Número de clasificación |
352.440285 |
| Número de documento/Ítem |
E79a |
| Número de edición |
22 |
| 100 1# - ENTRADA PRINCIPAL--NOMBRE DE PERSONA |
| Nombre de persona |
González, Geraldino, |
| Fechas asociadas al nombre |
1957- |
| 9 (RLIN) |
20628 |
| 245 13 - MENCIÓN DE TÍTULO |
| Título |
Estado abierto y gestión pública : |
| Resto del título |
el papel del sector académico / |
| Mención de responsabilidad, etc. |
Valeria Torres, Alejandra Naser, Ester Kaufman, coodinadoras |
| 264 ## - PRODUCCIÓN, PUBLICACIÓN, DISTRIBUCIÓN, FABRICACIÓN Y COPYRIGHT |
| Producción, publicación, distribución, fabricación y copyright |
Santiago, República Dominicana : |
| Nombre del de productor, editor, distribuidor, fabricante |
Naciones Unidas, |
| Fecha de producción, publicación, distribución, fabricación o copyright |
2024 |
| 300 ## - DESCRIPCIÓN FÍSICA |
| Extensión |
186 páginas. : |
| Otras características físicas |
ilustraciones ; |
| Dimensiones |
23 cm. |
| 336 ## - TIPO DE CONTENIDO |
| Fuente |
rdacontent |
| Término de tipo de contenido |
texto |
| Código de tipo de contenido |
txt |
| 337 ## - TIPO DE MEDIO |
| Fuente |
rdamedia |
| Nombre/término del tipo de medio |
sin mediación |
| Código del tipo de medio |
n |
| 338 ## - TIPO DE SOPORTE |
| Fuente |
rdacarrier |
| Nombre/término del tipo de soporte |
volumen |
| Código del tipo de soporte |
nc |
| 490 1# - MENCIÓN DE SERIE |
| Mención de serie |
Planificación para el desarrollo ; |
| Designación de volumen o secuencia |
163 |
| 505 ## - NOTA DE CONTENIDO CON FORMATO |
| Nota de contenido con formato |
Prólogo 9 -- Introducción 13 -- Capítulo I. Multiplicidad de saberes y gestión del conocimiento 21 -- Capítulo II. Universidades abiertas en la era exponencial 39 -- Capítulo III. El sector académico como objeto de apertura 65 -- Capítulo IV. El estado abierto para la implementación de la agenda 2030 para el desarrollo sostenible 85 -- Capítulo V. Participación y colaboración del sector académico en la construcción de estados abiertos 113 -- Capítulo VI. Acceso abierto y datos abiertos en el sector académico y la comunidad científica 135 -- Capítulo VII. Conclusiones 161 -- Anexo 171 -- Cuadros 93 -- Recuadros 22 -- Diagramas 30 -- Imágenes 69 |
| 590 ## - NOTA LOCAL (RLIN) |
| Nota local |
Inventariado, 2024/DG |
| 650 #4 - PUNTO DE ACCESO ADICIONAL DE MATERIA--TÉRMINO DE MATERIA |
| Término de materia o nombre geográfico como elemento de entrada |
Administración pública |
| 9 (RLIN) |
22128 |
| 650 #4 - PUNTO DE ACCESO ADICIONAL DE MATERIA--TÉRMINO DE MATERIA |
| Término de materia o nombre geográfico como elemento de entrada |
Gestión del conocimiento |
| 9 (RLIN) |
22129 |
| 650 #4 - PUNTO DE ACCESO ADICIONAL DE MATERIA--TÉRMINO DE MATERIA |
| Término de materia o nombre geográfico como elemento de entrada |
Universidades |
| 9 (RLIN) |
9290 |
| 650 #0 - PUNTO DE ACCESO ADICIONAL DE MATERIA--TÉRMINO DE MATERIA |
| Término de materia o nombre geográfico como elemento de entrada |
Acceso a la información |
| 9 (RLIN) |
17972 |
| 650 #4 - PUNTO DE ACCESO ADICIONAL DE MATERIA--TÉRMINO DE MATERIA |
| Término de materia o nombre geográfico como elemento de entrada |
Desarrollo sostenible |
| 9 (RLIN) |
901 |
| 700 1# - PUNTO DE ACCESO ADICIONAL--NOMBRE DE PERSONA |
| Nombre de persona |
Torres, Valeria |
| Término indicativo de función/relación |
coordinador |
| 9 (RLIN) |
86365 |
| 700 1# - PUNTO DE ACCESO ADICIONAL--NOMBRE DE PERSONA |
| Nombre de persona |
Kaufman, Ester |
| Término indicativo de función/relación |
coordinador |
| 9 (RLIN) |
86366 |
| 910 ## - DATOS DE OPCIÓN DEL USUARIO (OCLC) |
| Datos de opción del usuario |
DG |
| 942 ## - ELEMENTOS DE PUNTO DE ACCESO ADICIONAL (KOHA) |
| Fuente del sistema de clasificación o colocación |
Dewey Decimal Classification |
| Tipo de ítem Koha |
Libro |